| 000 | 00442nam a22001697a 4500 | ||
|---|---|---|---|
| 003 | NUST - PNEC | ||
| 005 | 20170116180840.0 | ||
| 008 | 150819b xxu||||| |||| 00| 0 eng d | ||
| 020 | _a- | ||
| 040 | _cLIBRARY | ||
| 082 | _a821.914 SAG | ||
| 100 |
_95295 _aSagar, Tariq Ismail |
||
| 245 |
_aRaw : Research and analysis (Urdu) _cTariq Ismail Sagir |
||
| 260 | _cc2005. | ||
| 650 |
_95296 _aIntelligence services _xGeneral |
||
| 942 |
_2ddc _cBK |
||
| 999 |
_c64366 _d64366 |
||